000 01040nas a2200265 i 4500
001 185203
003 ES-MaACL
005 20250809020504.0
008 160407d18471852sp | | ||pa d
100 1 _aCárdenas, Francisco de,
_d1816-1898
_935138
245 1 3 _aEl Derecho moderno
_b: revista de jurisprudencia y administración /
_cpor D. Francisco de Cárdenas.
260 _aMadrid :
_bEstab. Tip. de Ramón Rodríguez de Rivera,
_c[1847-1852]
300 _a1 v. (352 p.) ;
_c22 cm.
310 _a2 n. al año
362 0 _a[T. 1-t. 12]
505 8 _aContiene el texto del proyecto de Código civil de 1851
530 _aDisponible en formato digital.
650 7 _aDerecho-
_zEspaña
_2
_9141531
650 4 _aJurisprudencia-
_zEspaña.
_9152002
650 _aCódigo civil-
_zEspaña.
_9135863
852 _aES-MaACL
_jF-14292
856 _uhttp://www.bibliotecavirtualdeandalucia.es/catalogo/consulta/registro.cmd?id=1016057
_zBiblioteca Virtual de Andalucia
866 0 _o1851 (t. 10).
999 _c185203
_d185203